LEADER 01496nam 2200373z- 450 001 9910689600703321 005 20161209101357.0 035 $a(CKB)5860000000025845 035 $a(BIP)008674411 035 $a(EXLCZ)995860000000025845 100 $a20220406c2002uuuu -u- - 101 0 $aeng 200 10$aH.R. 37, H.R. 640, and H.R. 1000 $elegislative hearing before the Subcommittee on National Parks, Recreation, and Public Lands of the Committee on Resources, U.S. House of Representatives, One Hundred Seventh Congress, first session, Thursday, April 26, 2001 215 $a1 online resource (iii, 54 p.) $cill 311 $a0-16-066687-2 517 $aH.R. 37, H.R. 640, and H.R. 1000 606 $aTrails$xLaw and legislation$zUnited States 606 $aRecreation areas$xLaw and legislation$zCalifornia 606 $aLand titles$xRegistration and transfer$zOhio$zCincinnati 607 $aSanta Monica Mountains National Recreation Area (Calif.)$xBoundaries 607 $aWilliam Howard Taft National Historic Site (Cincinnati, Ohio)$xBoundaries 610 $aTrails 610 $aRecreation areas 610 $aLand titles 610 $aLaw 610 $aTravel 610 $aSports & recreation 615 0$aTrails$xLaw and legislation 615 0$aRecreation areas$xLaw and legislation 615 0$aLand titles$xRegistration and transfer 906 $aBOOK 912 $a9910689600703321 996 $aH.R. 37, H.R. 640, and H.R. 1000$93142630 997 $aUNINA